LAW OF PLEADINGS IN INDIA WITH PRECEDENTS (Record no. 27962)

MARC details
000 -LEADER
fixed length control field 00333nam a22001457a 4500
003 - CONTROL NUMBER IDENTIFIER
control field SGT
020 ## - INTERNATIONAL STANDARD BOOK NUMBER
International Standard Book Number 9788171773657
082 ## - DEWEY DECIMAL CLASSIFICATION NUMBER
Classification number 347.07254
Item number DHI
100 ## - MAIN ENTRY--PERSONAL NAME
Personal name DHINGRA S N
245 ## - TITLE STATEMENT
Title LAW OF PLEADINGS IN INDIA WITH PRECEDENTS
250 ## - EDITION STATEMENT
Edition statement 18
260 ## - PUBLICATION, DISTRIBUTION, ETC. (IMPRINT)
Place of publication, distribution, etc KOLKATA
Name of publisher, distributor, etc EASTERN LAW HOUSE
Year of Publication 2023
300 ## - PAGE DESCRIPTION
No. of Pages 1105
942 ## - ADDED ENTRY ELEMENTS (KOHA)
Source of classification or shelving scheme Dewey Decimal Classification
Koha item type Books
Holdings
Withdrawn status Lost status Source of classification or shelving scheme Damaged status Not for loan Collection code Home library Current library Shelving location Date acquired Vendor Name Cost, normal purchase price SGTU Bill Number Full call number Accession No. (Barcode) Date last seen Bill Date Koha item type Total Checkouts
    Dewey Decimal Classification   Not For Loan LAW SGT Science & Social Sciences Library SGT Science & Social Sciences Library Reference Book 05/12/2024 COMMERCIAL BOOK HOUSE 1400.00 SGTU 994 347.07254 DHI FL3727 05/12/2024 05/11/2024 Books  
    Dewey Decimal Classification     LAW SGT Science & Social Sciences Library SGT Science & Social Sciences Library Text Book 05/12/2024 COMMERCIAL BOOK HOUSE 1400.00 SGTU 994 347.07254 DHI FL3728 05/12/2024 05/11/2024 Books  
    Dewey Decimal Classification     LAW SGT Science & Social Sciences Library SGT Science & Social Sciences Library Text Book 05/12/2024 COMMERCIAL BOOK HOUSE 1400.00 SGTU 994 347.07254 DHI FL3729 05/12/2024 05/11/2024 Books  
    Dewey Decimal Classification     LAW SGT Science & Social Sciences Library SGT Science & Social Sciences Library Text Book 05/12/2024 COMMERCIAL BOOK HOUSE 1400.00 SGTU 994 347.07254 DHI FL3730 05/12/2024 05/11/2024 Books  
    Dewey Decimal Classification     LAW SGT Science & Social Sciences Library SGT Science & Social Sciences Library Text Book 05/12/2024 COMMERCIAL BOOK HOUSE 1400.00 SGTU 994 347.07254 DHI FL3731 05/12/2024 05/11/2024 Books